Vista normal Vista MARC

Entrada Corporate Name

Número de registros utilizados en: 1

001 - CONTROL NUMBER

  • control field: 2603

003 - CONTROL NUMBER IDENTIFIER

  • control field: OSt

005 - DATE AND TIME OF LATEST TRANSACTION

  • control field: 20200406234936.0

008 - FIXED-LENGTH DATA ELEMENTS

  • fixed length control field: 200406|| aca||aabn | a|a d

040 ## - CATALOGING SOURCE

  • Original cataloging agency: OSt
  • Transcribing agency: OSt

110 ## - HEADING--CORPORATE NAME

  • Corporate name or jurisdiction name as entry element: Secretaría General de la Organización de los Estados Americanos

670 ## - SOURCE DATA FOUND

  • Source citation: Work cat.: (OSt)5147: Colombia. Programa de las Naciones Unidas para el Desarrollo 2598, Nuestra democracia / , 2010